000 00463nam a22001817a 4500
003 MPLRDC
005 20220104124043.0
008 210129b ||||| |||| 00| 0 eng d
082 _a889 LMSJ v.984
100 _a艾美. 罗琳
245 _a宿醉的心情
_c高秀玲译
250 _a初版
260 _a
_b骏马文化公司
_c1989
300 _b
490 _a罗曼史集. 984
650 _a西洋小说之中文翻译
942 _cBK
_o889 LMSJ v.984
999 _c16283
_d16273